Nutrición alcalina para vivir sano / (Registro nro. 13515)

Detalles MARC
000 -LIDER
fixed length control field 01463nam a22002537a 4500
003 - IDENTIFICACDOR DE NÚMERO DE CONTROL
control field DO-SdBNP
005 - DATE AND TIME OF LATEST TRANSACTION
control field 20210823115935.0
008 - ELEMENTOS DE LONGITUD FIJA
fixed length control field 210519b dr 00| 0 spa d
020 ## - ISBN
International Standard Book Number 9789945912388
040 ## - FUENTE DE CATALOGACIÓN
Agencia que crea de manera original el registro BPMSU
Idioma de catalogación spa
Agencia que realiza la transcripción BPMSU
082 ## - NÚMERO DE CLASIFICACIÓN DECIMAL DE DEWEY
Classification number 641.1
Item number R628n 2019
Edition number 22
100 1# - ASIENTO PRINCIPAL -- NOMBRE PERSONAL
Nombre personal Castillo Rodríguez, Saribelkis
245 13 - MENCIÓN DE TITULO
Título Nutrición alcalina para vivir sano /
Mención de responsabilidad Saribelkis Castillo Rodríguez; edición al cuidado Piero Espinal Estévez
260 ## - PUBLICACIÓN, DISTRIBUCIÓN, ETC. (PIE DE IMPRENTA)
Lugar de publicación, distribución, etc Santo Domingo :
Nombre del editor, distribuidor, etc. Opus,
Fecha de publicación, distribución, etc 2019.
300 ## - DESCRIPCIÓN FÍSICA
Extensión 95 p. :
Otros detalles físicos il, retrs. ;
Dimensiones 22 cm.
500 ## - NOTA GENERAL
Nota general Incluye datos biográficos de la autora en la solapa de la cubierta
505 0# - NOTA DE CONTENIDO
Texto normalizado de contenido Dedicatoria -- Agradecimientos -- Introducción -- Antibióticos naturales -- Especias y hierbas aromáticas. Su importancia en la salud, 25.-- Brotes o germinados -- Apoyo emocional -- Importancia de la microbiota intestinal -- Fertilidad y alcalinidad -- Reto desintoxicante -- Mantequilla natural y casera -- Cremas y sopas calientes -- Ensaladas -- Zumos y licuados verdes -- Aguas alcalinas -- Infusiones -- Aderezos y vinagretas -- Leche de origen vegetal -- Panes y tortillas caseros -- Guarniciones -- Tahini -- Hummus -- Mermeladas -- Conserva de vegetales -- Menú alcalino -- Conclusiónc -- Referencias bibliográficas.
590 ## - NOTA LOCAL
Texto de la nota local Inventariado,2021/ MC
650 #4 - ENCABEZAMIENTO DE MATERIA--TEMÁTICO
Término temático o nombre geográfico como elemento de entrada Nutrición
650 #4 - ENCABEZAMIENTO DE MATERIA--TEMÁTICO
Término temático o nombre geográfico como elemento de entrada Alimentos alcalinos
700 ## - ASIENTO SECUNDARIO -- NOMBRE PERSONAL
Nombre personal Espinal Estévez, Piero
Mención de responsabilidad ed.
910 ## - VALIDACIÓN
Validación MCabrera /VMateo V.
942 ## - ADDED ENTRY ELEMENTS (KOHA)
Source of classification or shelving scheme Dewey Decimal Classification
Koha item type Libros
Existencias
Withdrawn status Lost status Source of classification or shelving scheme Damaged status Not for loan Collection code Home library Current library Date acquired Total Checkouts Full call number Barcode Date last seen Price effective from Koha item type Copy number
    Dewey Decimal Classification     Colección Dominicana Biblioteca Pública Metropolitana Salomé Ureña Biblioteca Pública Metropolitana Salomé Ureña 05/19/2021   BPMSU CD 641.1 R628n 2019 BPMSU21050125 05/19/2021 05/19/2021 Libros  
    Dewey Decimal Classification     Colección Dominicana Biblioteca Pública Metropolitana Salomé Ureña Biblioteca Pública Metropolitana Salomé Ureña 05/19/2021   BPMSU CD 641.1 R628n 2019 BPMSU21050126 05/19/2021 05/19/2021 Libros e.2